000
00292nam a2200109Ia 4500
008
171204s9999 xx 000 0 und d
245
_a
Css3 For Web Designers:
245
_c
Dan Cederholm
260
_c
2014
650
_x
Web Design
856
_u
http://down.ebook777.com/CssForWebDes2ndEdi.pdf
999
_c
346009
_d
346009